• 首页
  • 本馆介绍
  • 公告通知
  • 最新文献
  • 馆藏检索
  • 电子资源
  • 读者导购
  • 参考咨询
  • 我的图书馆
  • 登录
  • 详细信息显示
  • 放入我的书架
  • 预约/预借图书
  • 作者相关作品
  • 分类相关作品
  • 丛书相关作品
  • 出版社相关作品

书目信息

  • 表格格式
  • 工作单格式
  • 卡片格式
题名:
影视制作
    
 
作者: 沈辰 , 李伟才 编
分册:  
出版信息: 北京   化学工业出版社  2015.7
页数: 125页
开本: 26cm
丛书名:
单 册:
中图分类: J93
科图分类:
主题词: 电影制作--高等职业教育--教材 , 电视节目制作--高等职业教育--教材
电子资源:
ISBN: 978-7-122-23356-1
000 01026nam0 2200277 450
001 351768
005 20161017160619.71
010    @a978-7-122-23356-1@dCNY42.00
100    @a20150806d2015 em y0chiy50 ea
101 0  @achi
102    @aCN@b110000
105    @aa z 000yy
106    @ar
200 1  @a影视制作@dFilm and television production@zeng@f沈辰,李伟才编
210    @a北京@c化学工业出版社@d2015.7
215    @a125页@c图@d26cm
300    @a高职高专数字媒体与动画设计类专业规划教材
330    @a本书从影视制作的课程需求出发,对故事创作与剧本写作、影视制作工作流程、制片管理、影像摄影创作与技术、影视后期剪辑的基础知识以及非线性剪辑软件Premiere Pro的使用操作技术等内容进行了详细讲解,并引入行业真实案例进行展示分析。
510 1  @aFilm and television production@zeng
606 0  @a电影制作@x高等职业教育@j教材
606 0  @a电视节目制作@x高等职业教育@j教材
690    @aJ93@v5
701  0 @a沈辰@c(数码艺术)@4编
701  0 @a李伟才@4编
801  0 @aCN@bTANGWEI@c20161009
905    @b0896420-4@dJ93@e292@f5
    
    影视制作=Film and television production/沈辰,李伟才编.-北京:化学工业出版社,2015.7
    125页:图;26cm
    高职高专数字媒体与动画设计类专业规划教材
    
    ISBN 978-7-122-23356-1:CNY42.00
    本书从影视制作的课程需求出发,对故事创作与剧本写作、影视制作工作流程、制片管理、影像摄影创作与技术、影视后期剪辑的基础知识以及非线性剪辑软件Premiere Pro的使用操作技术等内容进行了详细讲解,并引入行业真实案例进行展示分析。
●
相关链接 在E读中查询图书 在五车中查询图书 在当当中查询图书 在豆瓣中查询图书


正题名:影视制作     索取号:J93/292         预约/预借

序号 登录号 条形码 馆藏地/架位号 状态 备注
1 0896420   208964209   第一样本阅览室/ [索取号:J93/292] 在馆    
2 0896421   208964218   第一借阅区/ [索取号:J93/292] 在馆    
3 0896422   208964227   第一借阅区/ [索取号:J93/292] 在馆    
4 0896423   208964236   第一借阅区/ [索取号:J93/292] 在馆    
5 0896424   208964245   第一借阅区/ [索取号:J93/292] 在馆    
唐山师范学院图书馆 欢迎您!
大连网信软件有限公司© 版权所有